00359 a2200121 4500020001800000082001600018100002500034245007600059250000900135260006700144300001000211500001600221 a9789698906238 a954.0166360 aMujib,Bilqees Fatima aImportant Helminth Parasites of Pakistan.cProf.Dr.Bilqees Fatima Mujib a1st. aKarachi.bFederal Urdu University Science & Technology.c2007. a439p. aPaper cover